[Event "SRB-chT2 West"]
[Site "Arandjelovac"]
[Date "2018.09.09"]
[Round "5.6"]
[White "Vasiljevic, Milan D"]
[Black "Jovic, Slavko"]
[Result "0-1"]
[WhiteElo "1661"]
[BlackElo "1962"]
[PlyCount "58"]
[EventDate "2018.09.07"]
[EventType "team-tourn"]
[EventRounds "11"]
[EventCountry "SRB"]
[SourceTitle "EXT 2021"]
[Source "ChessBase"]
[SourceDate "2020.10.23"]
[SourceVersion "1"]
[SourceVersionDate "2020.10.23"]
[SourceQuality "1"]
[WhiteTeam "Uzice Sloboda"]
[BlackTeam "Ivanjica"]
[WhiteTeamCountry "SRB"]
[BlackTeamCountry "SRB"]

1. d4 Nf6 2. c4 g6 3. Nf3 Bg7 4. Bg5 d6 5. Nc3 0-0 6. h3 c6 7. Qd2 Re8 8. Bh6 Bh8 9. e3 Qc7 10. Bf4 Nbd7 11. Be2 a5 12. Rc1 Nh5 13. Bh2 e5 14. dxe5 dxe5 15. 0-0 Nc5 16. Rfd1 Be6 17. Ng5 Rad8 18. Qc2 Nf6 19. Nxe6 Nxe6 20. f4 exf4 21. Bf3 Qb6 22. Ne2 fxe3 23. b3 Rd2 24. Qb1 Ng5 25. Kf1 Nfe4 26. Bg1 Bd4 27. Rc2 c5 28. h4 Nxf3 29. gxf3 Qf6 0-1